000 00709nam a22002057a 4500
999 _c14441
_d14441
003 AR-CdUCM
008 190423b ||||| |||| 00| 0 spa d
020 _a978-607-16-0567-2
040 _aMUNICIPALIDAD PROVINCIAL DEL CUSCO
_cBIBLIOTECA MUNICIPAL DEL CUSCO
082 _aPI / 808.06 /
_bJ94
100 _aJuster, Norton.
_914383
245 _aLa recta y el punto :
_bUn romance matemático /
260 _aMéxico :
_bFondo de cultura económica,
_c2011.
300 _c22 cm.
505 _aContenido :La recta y el punto, un romance matemático ...
650 _aCuentos infantiles
_93927
700 _aGranados Salinas, Tomás (traductor)
_933217
942 _2ddc
_cLIBROS
945 _arum
_d2019-04-23